Nanotechnologies -(E-BOOK) (Record no. 193119)

000 -LEADER
fixed length control field 00750 a2200229 4500
003 - CONTROL NUMBER IDENTIFIER
control field Nust
005 - DATE AND TIME OF LATEST TRANSACTION
control field 20170207154051.0
010 ## - LIBRARY OF CONGRESS CONTROL NUMBER
LC control number 2010362030
020 ## - INTERNATIONAL STANDARD BOOK NUMBER
International Standard Book Number 0863419410 (pbk.)
020 ## - INTERNATIONAL STANDARD BOOK NUMBER
International Standard Book Number 9780863419416 (pbk.)
035 ## - SYSTEM CONTROL NUMBER
System control number (OCoLC)ocn465360501
040 ## - CATALOGING SOURCE
Transcribing agency Nust
082 04 - DEWEY DECIMAL CLASSIFICATION NUMBER
Classification number 620.5
245 00 - TITLE STATEMENT
Title Nanotechnologies -(E-BOOK)
Statement of responsibility, etc. Michel Wautelet ... et al ; preface by Jean-Marie Lehn ; translated from French by Aboubacar Chaehoi.
260 ## - PUBLICATION, DISTRIBUTION, ETC.
Place of publication, distribution, etc. London :
Name of publisher, distributor, etc. Institution of Engineering and Technology,
Date of publication, distribution, etc. 2009.
300 ## - PHYSICAL DESCRIPTION
Extent xiv, 209 p. :
Other physical details ill. ;
Dimensions 24 cm.
490 0# - SERIES STATEMENT
Series statement IET circuits, devices and systems series ;
Volume/sequential designation 22
650 #0 - SUBJECT ADDED ENTRY--TOPICAL TERM
Topical term or geographic name entry element Nanotechnology.
651 ## - SUBJECT ADDED ENTRY--GEOGRAPHIC NAME
Geographic name E-BOOK
700 1# - ADDED ENTRY--PERSONAL NAME
Personal name Wautelet, M.
710 2# - ADDED ENTRY--CORPORATE NAME
Corporate name or jurisdiction name as entry element Institution of Engineering and Technology.
942 ## - ADDED ENTRY ELEMENTS (KOHA)
Source of classification or shelving scheme
Koha item type Book
Holdings
Withdrawn status Lost status Source of classification or shelving scheme Damaged status Not for loan Collection code Permanent Location Current Location Date acquired Total Checkouts Full call number Barcode Date last seen Price effective from Koha item type
            Military College of Signals (MCS) Military College of Signals (MCS) 12/12/2016   620.5 WAU MCSEB-2744 12/08/2016 12/12/2016 Book
© 2023 Central Library, National University of Sciences and Technology. All Rights Reserved.